S37 駅名クイズ - 山陽電気鉄道 ver. - Statistics

General Stats
  • This quiz has been taken 21 times
  • The average score is 31 of 50
Answer Stats
Number Answer % Correct
SY43 山陽姫路
100%
SY56 山陽網干
100%
SY06 山陽須磨
94%
SY17 山陽明石
94%
SY40 飾磨
94%
SY40 飾磨
94%
SY01 西代
89%
SY04 月見山
83%
SY07 須磨浦公園
83%
SY13 舞子公園
78%
SY25 東二見
78%
SY26 西二見
78%
SY28 別府
78%
SY31 高砂
78%
SY42 手柄
78%
SY35 大塩(姫路大学前)
78%
SY02 板宿
72%
SY11 山陽垂水
72%
SY03 東須磨
67%
SY08 山陽塩屋
67%
SY38 白浜の宮
67%
SY52 夢前川
67%
SY05 須磨寺
61%
SY09 滝の茶屋
61%
SY19 林崎松江海岸
61%
SY10 東垂水
56%
SY16 人丸前
56%
SY23 西江井ヶ島
56%
SY30 尾上の松
56%
SY32 荒井
56%
SY54 山陽天満
56%
SY22 江井ヶ島(日工最寄駅)
56%
SY18 西新町
50%
SY24 山陽魚住
50%
SY27 播磨町
50%
SY34 山陽曽根
50%
SY39 妻鹿
50%
SY41 亀山
50%
SY14 西舞子
44%
SY15 大蔵谷
44%
SY20 藤江
44%
SY29 浜の宮
44%
SY51 西飾磨
44%
SY12 霞ヶ丘
39%
SY37 八家
39%
SY53 広畑
39%
SY21 中八木
33%
SY33 伊保
28%
SY36 的形
28%
SY55 平松
28%
No matching quizzes found
Score Distribution
Percent of People with Each Score
Percentile by Number Answered
Your Score History
You have not taken this quiz